[Event "14MCR_F"]
[Site "?"]
[Date "1999.??.??"]
[Round "?"]
[White "Straka, Zdenek"]
[Black "Jurik, Zdenek"]
[Result "1-0"]
[WhiteElo "2295"]
[BlackElo "2200"]
[PlyCount "57"]
[EventDate "1999.??.??"]
[EventType "corr"]
[SourceDate "2009.11.04"]

1. d4 e6 2. Nf3 Nf6 3. Bg5 Be7 4. Nbd2 d5 5. e3 O-O 6. Bd3 Nbd7 7. c3 h6 8. Bh4
c5 9. O-O b6 10. Ne5 Bb7 11. f4 Ne8 12. Bxe7 Qxe7 13. Qe2 Nd6 14. Rf3 Rfd8 15.
Rh3 f6 16. Nxd7 Qxd7 17. Qh5 Qf7 18. Bg6 Qe7 19. g4 Ba6 20. Rg3 Nf7 21. h4 e5
22. g5 exd4 23. exd4 Rd6 24. Nf1 fxg5 25. hxg5 Rad8 26. Ne3 Re6 27. Nf5 Re1+
28. Rxe1 Qxe1+ 29. Kh2 1-0

[Event "14MCR_F"]
[Site "?"]
[Date "1999.??.??"]
[Round "?"]
[White "Matousek, Jan ml."]
[Black "Pesr, Jaromir"]
[Result "1-0"]
[WhiteElo "2290"]
[BlackElo "2225"]
[PlyCount "65"]
[EventDate "1999.??.??"]
[EventType "corr"]
[SourceDate "2009.11.04"]

1. d4 Nf6 2. c4 e6 3. Nc3 Bb4 4. e3 c5 5. a3 Bxc3+ 6. bxc3 O-O 7. Bd3 Nc6 8. e4
cxd4 9. cxd4 Nxd4 10. e5 Qa5+ 11. Kf1 Ne8 12. Bd2 Qd8 13. Bb4 d6 14. Bxh7+ Kxh7
15. Qxd4 a5 16. Bxd6 Nxd6 17. exd6 Bd7 18. Nf3 f6 19. Rd1 Ba4 20. Rd2 Qd7 21.
Kg1 Rfc8 22. h3 e5 23. Qe4+ Kg8 24. Nh4 Qf7 25. Nf5 Rxc4 26. Ne7+ Kf8 27. Qxb7
Rd8 28. Qb6 Ke8 29. Kh2 Qe6 30. Rb1 Rd4 31. Nf5 Qxf5 32. Rxd4 Bd7 33. Rh4 1-0

[Event "14MCR_F"]
[Site "?"]
[Date "1999.??.??"]
[Round "?"]
[White "Matousek, Jan st."]
[Black "Omelka, Roman"]
[Result "0-1"]
[WhiteElo "2285"]
[BlackElo "2255"]
[PlyCount "62"]
[EventDate "1999.??.??"]
[EventType "corr"]
[SourceDate "2009.11.04"]

1. d4 Nf6 2. c4 g6 3. Nc3 Bg7 4. e4 d6 5. Nf3 O-O 6. Be2 e5 7. O-O Nc6 8. d5
Ne7 9. Ne1 Nd7 10. f3 f5 11. g4 Nf6 12. Be3 f4 13. Bf2 g5 14. Rc1 h5 15. c5 Rf7
16. cxd6 cxd6 17. Nb5 Ng6 18. Qc2 hxg4 19. Nc7 Bd7 20. Nxa8 Qxa8 21. fxg4 Nxg4
22. Qd1 Nf6 23. Bh5 Kh7 24. Nf3 Kh6 25. Bxg6 Kxg6 26. Qc2 g4 27. Bc5 Kh6 28.
Bxd6 gxf3 29. Rxf3 Qe8 30. Kh1 Kh7 31. Rg1 Bg4 0-1

[Event "14MCR_F"]
[Site "?"]
[Date "1999.??.??"]
[Round "?"]
[White "Pesr, Jaromir"]
[Black "Matousek, Jan st."]
[Result "1/2-1/2"]
[WhiteElo "2225"]
[BlackElo "2285"]
[PlyCount "73"]
[EventDate "1999.??.??"]
[EventType "corr"]
[SourceDate "2009.11.04"]

1. e4 c5 2. Nf3 d6 3. d4 cxd4 4. Nxd4 Nf6 5. Nc3 a6 6. Bg5 e6 7. f4 Be7 8. Qf3
Qc7 9. O-O-O Nbd7 10. g4 b5 11. Bxf6 Nxf6 12. g5 Nd7 13. f5 Bxg5+ 14. Kb1 Ne5
15. Qh5 Qe7 16. Nxe6 Bxe6 17. fxe6 g6 18. exf7+ Kxf7 19. Qe2 Kg7 20. Nd5 Qd8
21. Qe1 Bh4 22. Qc3 Ra7 23. Qa3 Bf2 24. h4 Rf8 25. h5 g5 26. Ne3 Bxe3 27. Rxd6
Qe7 28. Qxe3 Qxd6 29. Qxa7+ Rf7 30. Qe3 Qd1+ 31. Qc1 Qxc1+ 32. Kxc1 Rf2 33. a4
g4 34. axb5 axb5 35. Kd1 b4 36. Be2 Rf4 37. Bd3 1/2-1/2

[Event "14MCR_F"]
[Site "?"]
[Date "1999.??.??"]
[Round "?"]
[White "Vavrla, Zdenek"]
[Black "Jandovsky, Viktor"]
[Result "1/2-1/2"]
[WhiteElo "2440"]
[BlackElo "2315"]
[PlyCount "63"]
[EventDate "1999.??.??"]
[EventType "corr"]
[SourceDate "2009.11.04"]

1. e4 c5 2. Nf3 Nc6 3. d4 cxd4 4. Nxd4 Nf6 5. Nc3 d6 6. Bg5 e6 7. Qd2 a6 8.
O-O-O Nxd4 9. Qxd4 Be7 10. e5 dxe5 11. Qxe5 Bd7 12. Be2 Rc8 13. h4 Qc7 14. Qxc7
Rxc7 15. Bf4 Rc8 16. f3 Bc6 17. h5 h6 18. g4 Nd5 19. Nxd5 Bxd5 20. Kb1 O-O 21.
Be3 f5 22. Rhg1 fxg4 23. Rxg4 Kh8 24. Rdg1 Bf6 25. Rg6 Rc7 26. c4 Bxc4 27. Bxc4
Rxc4 28. Bxh6 Rf7 29. Bg5 Kh7 30. Rg4 Rc5 31. Bxf6 gxf6 32. Rf4 1/2-1/2

[Event "14MCR_F"]
[Site "?"]
[Date "1999.??.??"]
[Round "?"]
[White "Hala, Martin"]
[Black "Ptak, Pavel"]
[Result "1/2-1/2"]
[WhiteElo "2435"]
[BlackElo "2330"]
[PlyCount "49"]
[EventDate "1999.??.??"]
[EventType "corr"]
[SourceDate "2009.11.04"]

1. e4 e6 2. d4 d5 3. Nd2 Nc6 4. Ngf3 Nf6 5. e5 Nd7 6. Be2 f6 7. exf6 Qxf6 8.
Nf1 Bd6 9. Ne3 b6 10. O-O Bb7 11. h3 O-O-O 12. c4 dxc4 13. Nxc4 Bf4 14. Qa4 g5
15. Bxf4 Qxf4 16. Rac1 h5 17. Rc3 Rhf8 18. g3 Nxd4 19. gxf4 Nxe2+ 20. Kh2 Nxc3
21. bxc3 Bxf3 22. fxg5 Nc5 23. Qxa7 Rf5 24. Ne3 Rxg5 25. Rg1 1/2-1/2

[Event "14MCR_F"]
[Site "?"]
[Date "1999.??.??"]
[Round "?"]
[White "Urbanek, Stepan"]
[Black "Ramik, Jiri"]
[Result "1/2-1/2"]
[WhiteElo "2385"]
[BlackElo "2345"]
[PlyCount "42"]
[EventDate "1999.??.??"]
[EventType "corr"]
[SourceDate "2009.11.04"]

1. d4 Nf6 2. c4 g6 3. Nc3 d5 4. cxd5 Nxd5 5. e4 Nxc3 6. bxc3 Bg7 7. Nf3 c5 8.
Rb1 O-O 9. Be2 cxd4 10. cxd4 Qa5+ 11. Bd2 Qxa2 12. O-O Bg4 13. Bg5 h6 14. Be3
Nc6 15. d5 Ne5 16. Rxb7 e6 17. d6 Rfd8 18. Re1 Bxf3 19. gxf3 Qa5 20. Bd2 Qa2
21. Be3 Qa5 1/2-1/2

[Event "14MCR_F"]
[Site "?"]
[Date "1999.??.??"]
[Round "?"]
[White "Merlicek, Jiri"]
[Black "Cerny, Jan"]
[Result "0-1"]
[WhiteElo "2380"]
[BlackElo "2380"]
[PlyCount "92"]
[EventDate "1999.??.??"]
[EventType "corr"]
[SourceDate "2009.11.04"]

1. e4 c6 2. d4 d5 3. Nd2 dxe4 4. Nxe4 Nd7 5. Ng5 Ngf6 6. Bd3 e6 7. N1f3 Bd6 8.
Qe2 h6 9. Ne4 Nxe4 10. Qxe4 c5 11. O-O Qc7 12. Qg4 Kf8 13. Re1 b6 14. Bd2 c4
15. Be2 Bb7 16. Rad1 Bd5 17. c3 g5 18. Qh3 Kg7 19. Bc1 f5 20. Nd2 b5 21. Nf1
Nf6 22. Ng3 Qa5 23. a3 Qc7 24. Nh5+ Nxh5 25. Qxh5 Qf7 26. Qxf7+ Kxf7 27. Bh5+
Kf6 28. h3 a5 29. Re2 Rhb8 30. Rde1 Ra6 31. Bd2 b4 32. a4 Bf4 33. Rc1 bxc3 34.
bxc3 Bxd2 35. Rxd2 Rab6 36. Re2 Rb1 37. Ree1 R1b2 38. Re2 Rxe2 39. Bxe2 Rb2 40.
Bd1 Ra2 41. Kf1 Bc6 42. Rb1 Be4 43. Rb5 Ra1 44. Ke2 Bxg2 45. Rxa5 Bxh3 46. Kd2
Bg2 0-1

[Event "14MCR_F"]
[Site "?"]
[Date "1999.??.??"]
[Round "?"]
[White "Ptak, Pavel"]
[Black "Hybl, Jaroslav"]
[Result "1/2-1/2"]
[WhiteElo "2330"]
[BlackElo "2415"]
[PlyCount "65"]
[EventDate "1999.??.??"]
[EventType "corr"]
[SourceDate "2009.11.04"]

1. d4 Nf6 2. c4 g6 3. g3 c6 4. Bg2 d5 5. cxd5 cxd5 6. Nc3 Bg7 7. Nf3 O-O 8. Ne5
e6 9. Bg5 Qb6 10. Qd2 Nfd7 11. Nf3 Nc6 12. Rd1 Nf6 13. Bxf6 Bxf6 14. h4 Bd7 15.
h5 Bg7 16. h6 Bh8 17. O-O Rac8 18. e4 dxe4 19. Nxe4 Ne7 20. Ne5 Rcd8 21. Qg5
Nf5 22. Nf6+ Bxf6 23. Qxf6 Nxh6 24. g4 Bc6 25. g5 Nf5 26. Ng4 h5 27. Nh6+ Kh7
28. d5 Bd7 29. Nxf7 Rc8 30. Ne5 Rxf6 31. Nxd7 Qb5 32. Nxf6+ Kg7 33. dxe6
1/2-1/2

[Event "14MCR_F"]
[Site "?"]
[Date "1999.??.??"]
[Round "?"]
[White "Jandovsky, Viktor"]
[Black "Hala, Martin"]
[Result "1/2-1/2"]
[WhiteElo "2315"]
[BlackElo "2435"]
[PlyCount "62"]
[EventDate "1999.??.??"]
[EventType "corr"]
[SourceDate "2009.11.04"]

1. e4 e5 2. Nf3 Nc6 3. Bb5 a6 4. Ba4 Nf6 5. O-O Nxe4 6. d4 b5 7. Bb3 d5 8. dxe5
Be6 9. c3 Bc5 10. Nbd2 O-O 11. Bc2 Nxf2 12. Rxf2 f6 13. exf6 Bxf2+ 14. Kxf2
Qxf6 15. Nf1 Ne5 16. Be3 Rae8 17. Bc5 Nxf3 18. gxf3 Rf7 19. Kg2 d4 20. Bxd4
Qg5+ 21. Ng3 c5 22. h4 Qxh4 23. Qh1 Qxh1+ 24. Rxh1 cxd4 25. Bxh7+ Kf8 26. Bg6
dxc3 27. bxc3 Bxa2 28. Ra1 Bd5 29. Bxf7 Kxf7 30. Rxa6 Re3 31. Rb6 Bxf3+ 1/2-1/2

[Event "14MCR_F"]
[Site "?"]
[Date "1999.??.??"]
[Round "?"]
[White "Straka, Zdenek"]
[Black "Vavrla, Zdenek"]
[Result "1-0"]
[WhiteElo "2295"]
[BlackElo "2440"]
[PlyCount "79"]
[EventDate "1999.??.??"]
[EventType "corr"]
[SourceDate "2009.11.04"]

1. d4 d5 2. Nf3 c6 3. c4 Nf6 4. Nc3 dxc4 5. a4 Bf5 6. Ne5 e6 7. f3 Bb4 8. e4
Bxe4 9. fxe4 Nxe4 10. Bd2 Qxd4 11. Nxe4 Qxe4+ 12. Qe2 Bxd2+ 13. Kxd2 Qd5+ 14.
Kc2 Na6 15. Nxc4 Rd8 16. Qe5 O-O 17. Be2 f6 18. Qxd5 cxd5 19. Na5 Rc8+ 20. Kb1
Nb4 21. Nxb7 Rc2 22. Re1 Rb8 23. Na5 e5 24. Nb3 d4 25. a5 f5 26. Bf1 Rf2 27.
Bc4+ Kf8 28. Nc5 Ke7 29. Rxe5+ Kd6 30. Ra4 Rd2 31. b3 Rd1+ 32. Kb2 Rd2+ 33. Kc1
Rxg2 34. Rxb4 Rxb4 35. Rxf5 Rb8 36. Ne4+ Kc7 37. Rf7+ Kc6 38. Rxa7 Rxh2 39.
Rxg7 Rd8 40. a6 1-0

[Event "14MCR_F"]
[Site "?"]
[Date "1999.??.??"]
[Round "?"]
[White "Omelka, Roman"]
[Black "Pesr, Jaromir"]
[Result "1-0"]
[WhiteElo "2255"]
[BlackElo "2225"]
[PlyCount "65"]
[EventDate "1999.??.??"]
[EventType "corr"]
[SourceDate "2009.11.04"]

1. e4 c5 2. Nf3 d6 3. d4 cxd4 4. Nxd4 Nf6 5. Nc3 a6 6. Bg5 e6 7. f4 Qb6 8. Nb3
Nbd7 9. Bd3 Be7 10. Qe2 Qc7 11. O-O-O b5 12. Rhe1 b4 13. Nd5 Nxd5 14. exd5 Bxg5
15. fxg5 e5 16. Qh5 Bb7 17. Be4 a5 18. g6 Nf6 19. gxf7+ Qxf7 20. Qxf7+ Kxf7 21.
a4 bxa3 22. bxa3 a4 23. Nd2 Ke7 24. Nc4 Rhb8 25. Bf3 Ra7 26. g4 g5 27. Nxe5
dxe5 28. Rxe5+ Kf7 29. Rxg5 Bc8 30. Re5 Nxg4 31. Bxg4 Bxg4 32. Rf1+ Kg8 33.
Rg5+ 1-0

[Event "14MCR_F"]
[Site "?"]
[Date "1999.??.??"]
[Round "?"]
[White "Jurik, Zdenek"]
[Black "Omelka, Roman"]
[Result "0-1"]
[WhiteElo "2200"]
[BlackElo "2255"]
[PlyCount "62"]
[EventDate "1999.??.??"]
[EventType "corr"]
[SourceDate "2009.11.04"]

1. d4 Nf6 2. c4 g6 3. Nc3 Bg7 4. e4 d6 5. Be2 O-O 6. Nf3 e5 7. O-O Nc6 8. d5
Ne7 9. b4 Nh5 10. Re1 f5 11. Ng5 Nf6 12. f3 c6 13. Be3 Bh6 14. Bd2 Kg7 15. Kh1
f4 16. Nh3 Bxh3 17. gxh3 Qd7 18. Bf1 Bg5 19. Rc1 Bh4 20. Re2 Kh8 21. dxc6 Nxc6
22. Nd5 Nd4 23. Rg2 Nxd5 24. cxd5 Qxh3 25. Rg3 Qd7 26. Bh3 Qg7 27. Rg2 Qh6 28.
Bc3 Bd8 29. Bd7 Bb6 30. Bxd4 Bxd4 31. Be6 a5 0-1

[Event "14MCR_F"]
[Site "?"]
[Date "1999.??.??"]
[Round "?"]
[White "Vavrla, Zdenek"]
[Black "Matousek, Jan ml."]
[Result "1-0"]
[WhiteElo "2440"]
[BlackElo "2290"]
[PlyCount "75"]
[EventDate "1999.??.??"]
[EventType "corr"]
[SourceDate "2009.11.04"]

1. e4 c5 2. Nf3 Nc6 3. d4 cxd4 4. Nxd4 Nf6 5. Nc3 d6 6. Bg5 e6 7. Qd2 a6 8.
O-O-O h6 9. Be3 Be7 10. f3 Qc7 11. g4 Nxd4 12. Bxd4 b5 13. h4 Bb7 14. Bg2 b4
15. Ne2 d5 16. g5 Nh5 17. e5 a5 18. f4 g6 19. gxh6 a4 20. Kb1 b3 21. axb3 axb3
22. cxb3 Ba6 23. Bf3 Qb7 24. Qe3 Bb5 25. f5 Bf8 26. fxe6 fxe6 27. Qg5 Qh7 28.
Rhg1 Rg8 29. Nc3 Bxh6 30. Qg4 Bd7 31. Ne4 Rb8 32. Nd6+ Ke7 33. Bc5 Bf4 34. Be4
Rxb3 35. Bc2 Rbb8 36. Rgf1 Kd8 37. Rxf4 Nxf4 38. Qxf4 1-0

[Event "14MCR_F"]
[Site "?"]
[Date "1999.??.??"]
[Round "?"]
[White "Hala, Martin"]
[Black "Straka, Zdenek"]
[Result "1/2-1/2"]
[WhiteElo "2435"]
[BlackElo "2295"]
[PlyCount "86"]
[EventDate "1999.??.??"]
[EventType "corr"]
[SourceDate "2009.11.04"]

1. e4 e6 2. d4 d5 3. Nd2 Nf6 4. e5 Nfd7 5. Bd3 c5 6. c3 Nc6 7. Ne2 cxd4 8. cxd4
f6 9. Nf4 Nxd4 10. Qh5+ Ke7 11. exf6+ Nxf6 12. Ng6+ hxg6 13. Qxh8 Kf7 14. Qh4
e5 15. Nf3 Nxf3+ 16. gxf3 Bf5 17. Bxf5 gxf5 18. Bg5 Qa5+ 19. Kf1 Be7 20. Kg2 d4
21. Rhe1 Rd8 22. Rac1 Ke6 23. a3 Qd5 24. Rc7 Rg8 25. Rc2 Bd6 26. Rd2 Kf7 27.
Red1 b6 28. Rd3 Qa8 29. Kg1 Rh8 30. Qg3 Nh5 31. Qg2 Be7 32. Re1 Bf6 33. Bd2 g5
34. Kh1 Nf4 35. Bxf4 gxf4 36. Rc1 Rc8 37. Re1 Rh8 38. Rc1 Qb7 39. Rd2 Rc8 40.
Re1 Qd5 41. Qh3 Ke6 42. Qg2 Kd6 43. Rg1 Rc7 1/2-1/2

[Event "14MCR_F"]
[Site "?"]
[Date "1999.??.??"]
[Round "?"]
[White "Hybl, Jaroslav"]
[Black "Jandovsky, Viktor"]
[Result "1-0"]
[WhiteElo "2415"]
[BlackElo "2315"]
[PlyCount "75"]
[EventDate "1999.??.??"]
[EventType "corr"]
[SourceDate "2009.11.04"]

1. d4 Nf6 2. c4 g6 3. Nc3 Bg7 4. e4 d6 5. Nf3 O-O 6. Be2 e5 7. O-O Nc6 8. d5
Ne7 9. Nd2 a5 10. a3 Nd7 11. Rb1 f5 12. b4 Kh8 13. f3 Ng8 14. Qc2 Ngf6 15. Bd3
f4 16. Nb5 b6 17. Bb2 Ne8 18. Be2 h5 19. c5 bxc5 20. bxc5 Nxc5 21. a4 g5 22.
Ba3 Na6 23. Rfc1 g4 24. Qc3 Rg8 25. Qxa5 Bd7 26. Nxd6 Nxd6 27. Bxa6 gxf3 28.
Qxc7 Nxe4 29. Nxe4 Rxa6 30. Qxd8 Rxd8 31. Be7 Rg8 32. Rb7 Rxa4 33. Nf6 Rc8 34.
Rxc8+ Bxc8 35. Rb8 Rc4 36. d6 Rc1+ 37. Kf2 fxg2 38. Kxg2 1-0

[Event "14MCR_F"]
[Site "?"]
[Date "1999.??.??"]
[Round "?"]
[White "Urbanek, Stepan"]
[Black "Ptak, Pavel"]
[Result "1/2-1/2"]
[WhiteElo "2385"]
[BlackElo "2330"]
[PlyCount "79"]
[EventDate "1999.??.??"]
[EventType "corr"]
[SourceDate "2009.11.04"]

1. d4 d5 2. c4 dxc4 3. Nf3 Nf6 4. e3 Bg4 5. Bxc4 e6 6. h3 Bh5 7. Nc3 Nc6 8. O-O
Bd6 9. Be2 O-O 10. b3 Qe7 11. Nb5 Bb4 12. a3 Ba5 13. Bb2 Rfd8 14. Rc1 Nd5 15.
b4 Bb6 16. Nc3 Nxc3 17. Bxc3 a6 18. Ne5 Nxe5 19. Bxh5 c6 20. Qb3 Nd7 21. Rfd1
Bc7 22. Bf3 Nf6 23. a4 Nd5 24. Be1 Bb6 25. g3 Nf6 26. Bg2 h5 27. Qc4 Rd7 28.
Ra1 Rad8 29. Qb3 g6 30. b5 axb5 31. Rdc1 Nd5 32. axb5 c5 33. dxc5 Bxc5 34. e4
Nb6 35. Ba5 Bd4 36. Ra2 e5 37. Rac2 Ra8 38. Bb4 Qf6 39. Qf3 Qe6 40. Bf1 1/2-1/2

[Event "14MCR_F"]
[Site "?"]
[Date "1999.??.??"]
[Round "?"]
[White "Cerny, Jan"]
[Black "Ramik, Jiri"]
[Result "1/2-1/2"]
[WhiteElo "2380"]
[BlackElo "2345"]
[PlyCount "46"]
[EventDate "1999.??.??"]
[EventType "corr"]
[SourceDate "2009.11.04"]

1. d4 Nf6 2. Nf3 g6 3. c4 Bg7 4. Nc3 d5 5. cxd5 Nxd5 6. e4 Nxc3 7. bxc3 c5 8.
Rb1 O-O 9. Be2 cxd4 10. cxd4 Qa5+ 11. Bd2 Qxa2 12. O-O Bg4 13. Bg5 h6 14. Be3
Nc6 15. d5 Ne5 16. Rxb7 e6 17. Re1 Bxf3 18. gxf3 Rfd8 19. d6 Qa5 20. Rf1 Bf8
21. d7 Qa2 22. Re1 Qa5 23. Rf1 Qa2 1/2-1/2

[Event "14MCR_F"]
[Site "?"]
[Date "1999.??.??"]
[Round "?"]
[White "Ptak, Pavel"]
[Black "Merlicek, Jiri"]
[Result "1/2-1/2"]
[WhiteElo "2330"]
[BlackElo "2380"]
[PlyCount "59"]
[EventDate "1999.??.??"]
[EventType "corr"]
[SourceDate "2009.11.04"]

1. g3 d5 2. Bg2 c6 3. Nf3 Bg4 4. O-O Nd7 5. d3 Ngf6 6. h3 Bh5 7. Qe1 e5 8. e4
dxe4 9. dxe4 Bc5 10. Nbd2 O-O 11. Nb3 Bb6 12. a4 a5 13. Nfd2 Nc5 14. Nxc5 Bxc5
15. Nb3 Bb6 16. Qc3 Qe7 17. Re1 Rfd8 18. Be3 Bxe3 19. Rxe3 Qc7 20. Rf1 b6 21.
f4 exf4 22. gxf4 Rac8 23. Nd4 Kh8 24. Nf5 Bg6 25. Ng3 h6 26. f5 Bh7 27. e5 Nd5
28. Bxd5 Rxd5 29. e6 Rc5 30. Qd4 1/2-1/2

[Event "14MCR_F"]
[Site "?"]
[Date "1999.??.??"]
[Round "?"]
[White "Jandovsky, Viktor"]
[Black "Urbanek, Stepan"]
[Result "1-0"]
[WhiteElo "2315"]
[BlackElo "2385"]
[PlyCount "63"]
[EventDate "1999.??.??"]
[EventType "corr"]
[SourceDate "2009.11.04"]

1. e4 c5 2. Nf3 e6 3. d4 cxd4 4. Nxd4 Nf6 5. Nc3 d6 6. Be2 Be7 7. O-O O-O 8. f4
Nc6 9. Be3 e5 10. Nb3 a5 11. a4 Nb4 12. Kh1 Qc7 13. Rc1 Bd7 14. Bf3 Rfd8 15.
Qd2 d5 16. exd5 e4 17. Nxe4 Nfxd5 18. Nc3 Nxe3 19. Qxe3 Bf6 20. Nc5 Bc6 21.
Bxc6 Qxc6 22. N5e4 Bd4 23. Qg3 f5 24. Ng5 Bxc3 25. bxc3 Nd5 26. Rcd1 Nxc3 27.
Rxd8+ Rxd8 28. Re1 Rd2 29. h3 Nd5 30. Qb3 g6 31. Re5 Kg7 32. Re7+ 1-0

[Event "14MCR_F"]
[Site "?"]
[Date "1999.??.??"]
[Round "?"]
[White "Straka, Zdenek"]
[Black "Hybl, Jaroslav"]
[Result "1/2-1/2"]
[WhiteElo "2295"]
[BlackElo "2415"]
[PlyCount "73"]
[EventDate "1999.??.??"]
[EventType "corr"]
[SourceDate "2009.11.04"]

1. e4 c5 2. Nf3 d6 3. d4 cxd4 4. Nxd4 Nf6 5. Nc3 a6 6. Be2 e6 7. O-O Nbd7 8. a4
b6 9. f4 Bb7 10. Bf3 Qc7 11. Qe2 Rc8 12. Be3 Be7 13. g4 Qc4 14. g5 Qxe2 15.
Ndxe2 Ng8 16. f5 exf5 17. exf5 Bxf3 18. Rxf3 f6 19. h4 Ne5 20. Rh3 Bd8 21. Ne4
Rxc2 22. Nxd6+ Kd7 23. Rd1 Rxe2 24. Nf7+ Ke8 25. Nxh8 Ne7 26. Bf4 Nxf5 27. Bxe5
fxe5 28. Rf1 g6 29. h5 Bxg5 30. hxg6 Be3+ 31. Kh1 hxg6 32. Nxg6 Bf2 33. Rh2
Ng3+ 34. Kg2 Nxf1 35. Kxf1 Rxb2 36. Rxf2 Rb4 37. Ra2 1/2-1/2

[Event "14MCR_F"]
[Site "?"]
[Date "1999.??.??"]
[Round "?"]
[White "Matousek, Jan ml."]
[Black "Hala, Martin"]
[Result "0-1"]
[WhiteElo "2290"]
[BlackElo "2435"]
[PlyCount "100"]
[EventDate "1999.??.??"]
[EventType "corr"]
[SourceDate "2009.11.04"]

1. d4 Nf6 2. c4 g6 3. Nc3 Bg7 4. e4 d6 5. f3 O-O 6. Be3 Nc6 7. Nge2 a6 8. Qd2
Rb8 9. Bh6 Bxh6 10. Qxh6 e5 11. O-O-O b5 12. h4 bxc4 13. h5 Qe7 14. g4 exd4 15.
Nxd4 Nxd4 16. Rxd4 Be6 17. Be2 c6 18. f4 Bxg4 19. hxg6 fxg6 20. Bxc4+ d5 21.
exd5 Qe3+ 22. Rd2 Rb4 23. Bb3 Rxb3 24. axb3 cxd5 25. Nxd5 Rc8+ 26. Nc3 Bf5 27.
Qh4 Kf7 28. Rhh2 Qb6 29. Kd1 Bg4+ 30. Kc2 Qa5 31. Kb1 Bf5+ 32. Rc2 Qb6 33. Qf2
Qxf2 34. Rhxf2 Ne4 35. Kc1 Nxf2 36. Rxf2 Rb8 37. Kd2 Rxb3 38. Ke3 Rb4 39. Rh2
h5 40. Kf3 Rd4 41. Ke3 Rd3+ 42. Ke2 Rh3 43. Rxh3 Bxh3 44. b4 Ke6 45. Ke3 Bg2
46. Kf2 Bc6 47. Kg3 Kf5 48. Na2 Ke4 49. Nc1 Bd5 50. Ne2 Kd3 0-1

[Event "14MCR_F"]
[Site "?"]
[Date "1999.??.??"]
[Round "?"]
[White "Matousek, Jan st."]
[Black "Vavrla, Zdenek"]
[Result "0-1"]
[WhiteElo "2285"]
[BlackElo "2440"]
[PlyCount "56"]
[EventDate "1999.??.??"]
[EventType "corr"]
[SourceDate "2009.11.04"]

1. d4 d5 2. c4 e6 3. Nc3 c6 4. Nf3 dxc4 5. a4 Bb4 6. e3 b5 7. Bd2 a5 8. axb5
Bxc3 9. Bxc3 cxb5 10. b3 Bb7 11. bxc4 b4 12. Bb2 Nf6 13. Bd3 Nbd7 14. O-O O-O
15. Qc2 Qc7 16. e4 e5 17. Rfe1 Rfe8 18. c5 exd4 19. Bxd4 h6 20. e5 Nd5 21. e6
Rxe6 22. Rxe6 fxe6 23. Bh7+ Kh8 24. Bxg7+ Kxg7 25. Qg6+ Kh8 26. Qxh6 N7f6 27.
Bg6+ Kg8 28. Qg5 Qg7 0-1

[Event "14MCR_F"]
[Site "?"]
[Date "1999.??.??"]
[Round "?"]
[White "Vavrla, Zdenek"]
[Black "Omelka, Roman"]
[Result "1/2-1/2"]
[WhiteElo "2440"]
[BlackElo "2255"]
[PlyCount "112"]
[EventDate "1999.??.??"]
[EventType "corr"]
[SourceDate "2009.11.04"]

1. e4 d6 2. d4 Nf6 3. Nc3 g6 4. f4 Bg7 5. Nf3 c5 6. Bb5+ Bd7 7. e5 Ng4 8. e6
Bxb5 9. exf7+ Kd7 10. Nxb5 Qa5+ 11. Nc3 cxd4 12. Nxd4 Bxd4 13. Qxd4 Nc6 14. Qc4
Qb6 15. Qe2 h5 16. Bd2 Nd4 17. Qd3 Nf5 18. Ne4 Nge3 19. Bxe3 Qxe3+ 20. Qxe3
Nxe3 21. Kd2 Nxg2 22. Raf1 Rhf8 23. Ng5 Rac8 24. f5 Nh4 25. fxg6 Nxg6 26. Rf5
Ne5 27. Rhf1 e6 28. R5f4 Nc4+ 29. Ke2 Nxb2 30. Nh7 Rxc2+ 31. Ke3 Rfc8 32. Rb4
Nc4+ 33. Kd4 e5+ 34. Kd3 Nb2+ 35. Ke4 Nc4 36. f8=Q Rxf8 37. Nxf8+ Kc6 38. Kd3
Na3 39. Rh4 b5 40. Ra1 Rf2 41. Rc1+ Nc4 42. a4 a6 43. axb5+ axb5 44. Ne6 d5 45.
Rc2 Rf3+ 46. Ke2 Ra3 47. Ng5 d4 48. Kf2 Rc3 49. Ra2 b4 50. Ne4 Ra3 51. Rxa3
bxa3 52. Nc3 Nb2 53. Rh3 Kc5 54. Na2 d3 55. Ke3 Kc4 56. Kd2 e4 1/2-1/2

[Event "14MCR_F"]
[Site "?"]
[Date "1999.??.??"]
[Round "?"]
[White "Hala, Martin"]
[Black "Matousek, Jan st."]
[Result "1-0"]
[WhiteElo "2435"]
[BlackElo "2285"]
[PlyCount "41"]
[EventDate "1999.??.??"]
[EventType "corr"]
[SourceDate "2009.11.04"]

1. e4 c5 2. Nf3 d6 3. d4 cxd4 4. Nxd4 Nf6 5. Nc3 a6 6. Bg5 e6 7. f4 Be7 8. Qf3
Qc7 9. O-O-O Nbd7 10. Bd3 h6 11. Bh4 g5 12. fxg5 Ne5 13. Qe2 Nfg4 14. Nf3 hxg5
15. Bg3 Nxf3 16. Qxf3 Ne5 17. Bxe5 dxe5 18. Be2 b5 19. Rhf1 f6 20. h4 b4 21.
hxg5 1-0

[Event "14MCR_F"]
[Site "?"]
[Date "1999.??.??"]
[Round "?"]
[White "Hybl, Jaroslav"]
[Black "Matousek, Jan ml."]
[Result "1/2-1/2"]
[WhiteElo "2415"]
[BlackElo "2290"]
[PlyCount "65"]
[EventDate "1999.??.??"]
[EventType "corr"]
[SourceDate "2009.11.04"]

1. d4 Nf6 2. c4 g6 3. Nc3 Bg7 4. e4 d6 5. Nf3 O-O 6. Be2 e5 7. O-O Nc6 8. d5
Ne7 9. b4 Nh5 10. Re1 f5 11. Ng5 Nf6 12. Bf3 c6 13. Be3 h6 14. Ne6 Bxe6 15.
dxe6 f4 16. Bc1 Nc8 17. b5 Qe7 18. bxc6 bxc6 19. c5 dxc5 20. Ba3 Nb6 21. Na4
Rfd8 22. Qb3 Nxa4 23. Qxa4 Qxe6 24. Bxc5 Nd7 25. Rec1 Rdc8 26. h3 Rc7 27. Bg4
Qf6 28. Bxd7 Rxd7 29. Rd1 Rc7 30. Rd6 Qf7 31. Rxc6 Rac8 32. Rxc7 Rxc7 33. Rc1
1/2-1/2

[Event "14MCR_F"]
[Site "?"]
[Date "1999.??.??"]
[Round "?"]
[White "Urbanek, Stepan"]
[Black "Straka, Zdenek"]
[Result "1/2-1/2"]
[WhiteElo "2385"]
[BlackElo "2295"]
[PlyCount "55"]
[EventDate "1999.??.??"]
[EventType "corr"]
[SourceDate "2009.11.04"]

1. d4 d5 2. c4 e6 3. Nc3 Nf6 4. Bg5 Be7 5. e3 O-O 6. Nf3 h6 7. Bxf6 Bxf6 8. Qc2
c5 9. dxc5 Nc6 10. a3 Qa5 11. cxd5 Nb4 12. Qd2 Nxd5 13. Nxd5 Qxd2+ 14. Nxd2
exd5 15. O-O-O Be6 16. Nb3 Rfc8 17. Kb1 a5 18. Rc1 a4 19. Nd4 Ra5 20. Bd3 Bd7
21. Bf5 Bxf5+ 22. Nxf5 Raxc5 23. Nd6 Rxc1+ 24. Rxc1 Rc6 25. Nb5 Kf8 26. Nd4
Rxc1+ 27. Kxc1 Ke7 28. Kc2 1/2-1/2

[Event "14MCR_F"]
[Site "?"]
[Date "1999.??.??"]
[Round "?"]
[White "Merlicek, Jiri"]
[Black "Jandovsky, Viktor"]
[Result "1-0"]
[WhiteElo "2380"]
[BlackElo "2315"]
[PlyCount "67"]
[EventDate "1999.??.??"]
[EventType "corr"]
[SourceDate "2009.11.04"]

1. e4 c5 2. Nf3 Nc6 3. d4 cxd4 4. Nxd4 Nf6 5. Nc3 d6 6. Bg5 e6 7. Qd2 a6 8.
O-O-O Nxd4 9. Qxd4 Be7 10. f4 b5 11. Bxf6 gxf6 12. Be2 Qc7 13. f5 Qc5 14. Qxc5
dxc5 15. fxe6 Bxe6 16. Rhf1 Rg8 17. g3 Rg5 18. Nd5 Bxd5 19. exd5 Re5 20. Bd3 h6
21. d6 Bxd6 22. Rxf6 Re6 23. Rxe6+ fxe6 24. Bxb5+ Ke7 25. Bc4 Be5 26. Re1 Kd6
27. c3 a5 28. Rf1 Ke7 29. Rf2 Rh8 30. Kc2 h5 31. Re2 Kd6 32. Kb3 h4 33. Ka4
hxg3 34. hxg3 1-0

[Event "14MCR_F"]
[Site "?"]
[Date "1999.??.??"]
[Round "?"]
[White "Cerny, Jan"]
[Black "Ptak, Pavel"]
[Result "1-0"]
[WhiteElo "2380"]
[BlackElo "2330"]
[PlyCount "53"]
[EventDate "1999.??.??"]
[EventType "corr"]
[SourceDate "2009.11.04"]

1. d4 g6 2. Nf3 Bg7 3. c4 d6 4. Nc3 c6 5. e4 Bg4 6. Be2 Nf6 7. O-O O-O 8. Be3
a5 9. Ne1 Bxe2 10. Qxe2 a4 11. Nd3 Qa5 12. Rab1 Nfd7 13. Qc2 Rc8 14. b4 axb3
15. axb3 Nf6 16. b4 Qa6 17. b5 cxb5 18. Nb4 Qa5 19. Nxb5 Nbd7 20. Qd3 Qd8 21.
f3 Ne8 22. f4 Nb6 23. Rfc1 e6 24. c5 dxc5 25. dxc5 Qxd3 26. Nxd3 Rd8 27. Rb3
1-0

[Event "14MCR_F"]
[Site "?"]
[Date "1999.??.??"]
[Round "?"]
[White "Ptak, Pavel"]
[Black "Ramik, Jiri"]
[Result "1/2-1/2"]
[WhiteElo "2330"]
[BlackElo "2345"]
[PlyCount "42"]
[EventDate "1999.??.??"]
[EventType "corr"]
[SourceDate "2009.11.04"]

1. g3 d5 2. Nf3 c6 3. Bg2 Bg4 4. O-O Nd7 5. d3 Ngf6 6. h3 Bh5 7. Qe1 e5 8. e4
dxe4 9. dxe4 Bxf3 10. Bxf3 Bc5 11. Nd2 O-O 12. Nb3 Bb6 13. a4 a5 14. Kg2 Qc7
15. Qe2 Nc5 16. Nxc5 Bxc5 17. Bg5 Qe7 18. Qc4 b6 19. Rfd1 h6 20. Bd2 Rfd8 21.
Be1 Ne8 1/2-1/2